| 000 | 00909nam a22002657a 4500 | ||
|---|---|---|---|
| 999 |
_c4144 _d4144 |
||
| 003 | AR-CdUCM | ||
| 008 | 190308b ||||| |||| 00| 0 spa d | ||
| 040 |
_aMUNICIPALIDAD PROVINCIAL DEL CUSCO _cBIBLIOTECA MUNICIPAL DEL CUSCO |
||
| 041 | _heng | ||
| 082 |
_a780.973 / _bS31 |
||
| 100 |
_aSchubart, Mark _913134 |
||
| 245 | _aLa música y su público / | ||
| 260 |
_aArgentina : _bEdiciones Marymar, _c1975. |
||
| 300 |
_a133 páginas ; _c23 cm. |
||
| 505 | _aContenido: La música y su publico -- La enseñanza de música -- La función de la critica -- Algunos aspectos de la interpretación musical... | ||
| 650 |
_aMúsica _91443 |
||
| 650 |
_aInterpretación musical _913135 |
||
| 650 |
_aOpera _913136 |
||
| 650 |
_aSinfónica _913137 |
||
| 700 |
_aChasins, Abram _913138 |
||
| 700 |
_aSchuman, William _913139 |
||
| 700 |
_aGoldovsky, Boris _913140 |
||
| 942 |
_2ddc _cLIBROS |
||
| 945 | _adavv | ||